Estadísticas para Países Unidos

Haz click aquí para intentar la prueba.

Estadísticas generales

  • Esta prueba ha sido intentada 4.906 veces
  • La puntuación promedio es 13 de 20

Respuestas en el mapa

Las respuestas están codificadas por una escala verde-roja en el mapa de la prueba según el % correcto abajo.
 

Estadísticas de respuestas

País% Correcto
Rusia
79%
Pakistán
77%
Argentina
75%
Paraguay
74%
Afganistán
73%
Mongolia
71%
República Checa
70%
Malí
69%
Eslovaquia
68%
Mauritania
68%
Guyana
67%
Somalia
65%
Surinam
65%
Vietnam
64%
Kenia
63%
Camboya
62%
República del Congo
60%
Gabón
52%
Croacia
44%
Eslovenia
43%

Distribución de puntuación

Porcentaje por número respondido

Porcentaje de gente con cada puntuación

Historial de tus puntuaciones

No has intentado esta prueba.